000 00616na a2200229 4500
001 18837
003 MIRAKIL
005 20181213155121.0
008 161129b tu 000 0
035 _a18837
040 _aMilas
_btur
_cTR-AnCHP
041 _atur
082 _a363.7
_bÇ38 1998
090 _a363.7 Ç38 1998
245 _aÇevre notları
_cT.C. Çevre Bakanlığı
260 _a[Ankara]
_bT.C. Çevre Bakanlığı
_c1998
300 _a60 s.
_c24 sm.
650 _aÇevresel sorunlar
_zTürkiye
650 _aÇevre yönetimi
_zTürkiye
710 _aT.C. Çevre Bakanlığı
942 _2ddc
_cBKS
999 _c6829
_d6829